Florencia: guía en colores

Saved in:
Bibliografiske detaljer
Hovedforfatter: Santini, Loretta (Author)
Format: Bog
Sprog:spansk
Udgivet: Florencia Giusti di Becocci 1973
Fag:
Tags: Tilføj Tag
Ingen Tags, Vær først til at tagge denne postø!

MARC

LEADER 00000nam a2200000 a 4500
001 UCY0413
003 CL-VaPUC
008 940801e19730000IT |||||||||||||||||spa|d
082 0 4 |a 910.202  |b SAN  |2 21 
100 0 |a Santini, Loretta  |e author  |9 328104 
245 1 0 |a Florencia: guía en colores 
300 |a 95 p 
942 |c BK 
945 |d 19940801 00:00:00  |a oaravena 
260 |a Florencia  |b Giusti di Becocci  |c 1973 
650 7 |a GUIA TURISTICA  |2 CL-VaPUC  |9 328105 
651 0 |a Florencia (Italia)  |9 328106 
583 |a last modification  |c 19940801 00:00:00  |k Rodrigo Vera 
999 |c 229414  |d 229412 
952 |0 0  |1 0  |4 0  |6 910_202000000000000_SAN_1973  |7 0  |8 P  |9 230520  |a BIBARQ  |b BIBARQ  |d 2019-11-15  |i 3000478  |o 910.202 SAN 1973  |p 3000478  |r 2025-01-20  |w 2019-11-15  |y BK  |k ARQ